|
|
|
|
| LEADER |
00000cam a2200000 7i4500 |
| 001 |
0000024199 |
| 005 |
20081204.0 |
| 008 |
081204 |
| 020 |
|
|
|a 9793780088
|
| 090 |
0 |
0 |
|a 079.598
|b STE
|
| 100 |
1 |
|
|a Steele, Janet
|
| 245 |
1 |
0 |
|a Wars within :
|b the story of tempo, an independent magazine in Soeharto's Indonesia
|c Janet Steele
|
| 260 |
|
|
|a Jakarta :
|b Equinox ,
|c 2005
|
| 650 |
|
0 |
|a Freedom of the prees
|z Indonesia
|x 20th century
|
| 650 |
|
0 |
|a Indonesia
|x Politic and goverment
|x 1966-1998
|
| 650 |
|
0 |
|a Journalism
|z Indonesia
|
| 650 |
|
0 |
|a Tempo (Jakarta, Indonesia)
|
| 999 |
|
|
|a 0001022217
|b Book
|c Adult Collection
|e Perbadanan Perpustakaan Awam Johor
|